000 00293nam a22001097a 4500
008 230626b xxu||||| |||| 00| 0 eng d
082 _a328.30
_bRON 1990
245 _aThe New Nation
_bThe Republic of Namibia
260 _aNamibia
_bNamibian News Magazine
_c1990
300 _a48p
942 _2ddc
_cBK
999 _c2620
_d2620